|
|
|
|
| LEADER |
00000nam0a2200000 4500 |
| 001 |
201163 |
| 005 |
20231031185023.0 |
| 010 |
|
|
|a 9785902159162
|
| 035 |
|
|
|a (RuTPU)RU\TPU\book\219262
|
| 035 |
|
|
|a RU\TPU\book\219234
|
| 090 |
|
|
|a 201163
|
| 100 |
|
|
|a 20110920d2008 k y0rusy50 ca
|
| 101 |
0 |
|
|a rus
|
| 102 |
|
|
|a RU
|
| 105 |
|
|
|a a z 001zy
|
| 200 |
1 |
|
|a Тепловой и аэродинамический расчет трубчатых печей
|f М. Н. Ягудин
|g Институт нефтехимпереработки (ИНХП)
|
| 210 |
|
|
|a Уфа
|c Изд-во ГУП ИНХП РБ
|d 2008
|
| 215 |
|
|
|a 210 с.
|c ил.
|
| 225 |
1 |
|
|a Библиотека нефтепереработчика
|
| 320 |
|
|
|a Библиогр.: с. 164.
|
| 320 |
|
|
|a Буквенные обозначения: с. 156-163.
|
| 330 |
|
|
|a Книга посвящена тепловым и аэродинамическим расчетам нагревательных трубчатых печей нефтеперерабатывающей, нефтехимической и нефтедобывающей промышленности. В качестве приложения в книге приводятся номограммы и таблицы, облегчающие выполнение расчетов. Показаны примеры расчетов. Книга предназначена для инженеров, занимающихся вопросами проектирования, усовершенствования и рационального использования трубчатых печей.
|
| 606 |
1 |
|
|a Нефтеперерабатывающие печи трубчатые
|2 stltpush
|3 (RuTPU)RU\TPU\subj\45721
|
| 610 |
1 |
|
|a тепловой расчет
|
| 610 |
1 |
|
|a аэродинамический расчет
|
| 610 |
1 |
|
|a топливо
|
| 610 |
1 |
|
|a горение
|
| 610 |
1 |
|
|a тепловой баланс
|
| 610 |
1 |
|
|a топки
|
| 610 |
1 |
|
|a конвективные камеры
|
| 610 |
1 |
|
|a исходные данные
|
| 610 |
1 |
|
|a расходные показатели
|
| 610 |
1 |
|
|a каталитический риформинг
|
| 675 |
|
|
|a 665.63.04
|v 3
|
| 700 |
|
1 |
|a Ягудин
|b М. Н.
|g Марат Нуриевич
|
| 712 |
0 |
2 |
|a Институт нефтехимпереработки (ИНХП)
|c (Уфа)
|c (1993- )
|2 stltpush
|3 (RuTPU)RU\TPU\col\17516
|
| 801 |
|
1 |
|a RU
|b 63413507
|c 20110920
|
| 801 |
|
2 |
|a RU
|b 63413507
|c 20141226
|g RCR
|
| 942 |
|
|
|c BK
|